000 00495nam a2200181Ia 4500
005 20250508163627.0
008 008 250505s9999 xx 000 0 eng d
037 _aTextual
040 _aFEDL
_beng
_cFEDL
041 _aeng
_2eng
084 _a294.5924, SWA
_qFEDL
100 _aSwarpupananda
_9775812
245 0 _aBhagavad-gita
260 _aCalcutta, India
_bAdvaita Ashrama
_c1989
300 _axiii,430p.
942 _cTEXL
_h294.5924, SWA
999 _c1384412
_d1384412